|
|
|
|
| LEADER |
00000nam a2200000 a 4500 |
| 001 |
vtls001520901 |
| 003 |
SK-MaSNL |
| 005 |
20260301164131.0 |
| 008 |
240314s2004 xo l f 000 0 slo |
| 015 |
|
|
|a SNBA2005/04-01372
|
| 020 |
|
|
|a 808903716X
|q (brož.)
|
| 040 |
|
|
|a SNK
|b slo
|c SNK
|e AACR2
|
| 041 |
0 |
|
|a slo
|
| 044 |
|
|
|a xo
|c SK
|
| 072 |
|
7 |
|a 331
|x Práca
|2 konspekt
|
| 080 |
|
|
|a 331.221
|2 MDT-MRF
|
| 080 |
|
|
|a 331.101.38
|2 MDT-MRF
|
| 080 |
|
|
|a (048.8)
|2 MDT-MRF
|
| 080 |
|
|
|a 331.2
|2 MDT-MRF
|
| 100 |
1 |
|
|a Bajzíková, Ľubica,
|d 1954-
|4 aut
|9 198973
|
| 245 |
1 |
0 |
|a Systémy odmeňovania
|c Ľubica Bajzíková
|
| 250 |
|
|
|a 1. vyd.
|
| 260 |
|
|
|a Bratislava
|b Ofprint
|c 2004
|
| 300 |
|
|
|a 195 s.
|b sch., tab.
|c 21 cm
|
| 504 |
|
|
|a Bibliogr. s. 190-195
|
| 650 |
0 |
7 |
|a mzdy
|2 SNKPH
|9 2316
|
| 650 |
0 |
7 |
|a mzdové systémy
|2 SNKPH
|9 49965
|
| 650 |
0 |
7 |
|a pracovná motivácia
|2 SNKPH
|9 2341
|
| 650 |
0 |
7 |
|a odmeňovanie
|2 SNKPH
|9 2329
|
| 655 |
|
7 |
|a monografie
|2 SNKPH
|9 70139
|
| 919 |
|
|
|a 80-89037-16-X
|
| 958 |
|
|
|a OND
|
| 968 |
|
|
|d 33
|
| 999 |
|
|
|c 819476
|d 821406
|
| 952 |
|
|
|a SNK
|b SNK
|y VYP
|7 0
|p 17A0461440
|o snkSC 119411 D1
|i snk2005/4502
|8 0
|0 0
|1 0
|4 0
|d 2005-03-23
|l 0
|r 2026-02-24 03:02:22
|w 2026-02-24
|
| 952 |
|
|
|a SNK
|b SNK
|y PREZ
|7 0
|p 17A0461439
|o snkSC 119411
|i snk2005/4501
|8 0
|0 0
|1 0
|4 0
|d 2005-03-23
|l 0
|r 2025-05-28 00:00:00
|w 2026-02-24
|